Instituciones de derecho privado : Obligaciones. 3 /

Guardado en:
Autor Principal: Pizarro, Ramón Daniel
Otros Autores: Vallespinos, Carlos Gustavo
Formato: Libro
Idioma:Spanish
Publicado: Buenos Aires : Hammurabi, 1999
Materias:
Etiquetas: Agregar Etiqueta
Sin Etiquetas, Sea el primero en etiquetar este registro!
LEADER 00933nam a22002175a 4500
001 DER.der000075
008 180615s1999####ag#||||||||||||||#||spa||
005 20230829081632.0
245 1 0 |a Instituciones de derecho privado :  |b Obligaciones.  |n 3 /  |c Ramón D. Pizarro , Carlos Gustavo Vallespinos. 
260 |a Buenos Aires :  |b Hammurabi,  |c 1999 
300 |a 769 p. 
500 |a Tutela resarcitoria del crédito. Teoría general del incumplimiento obligacional (continuación). Modificación, reconocimiento y extinción de la obligaciones. 
020 |a 9508910399 
100 1 |a Pizarro, Ramón Daniel 
700 1 |a Vallespinos, Carlos Gustavo 
653 |a OBLIGACIONES 
653 |a DERECHO CIVIL 
859 |a DERECHO  |b BIB. DERECHO  |h 346  |i PIZ  |k 1.15  |p 000919  |t 2 
859 |a DERECHO  |b BIB. DERECHO  |h 346  |i PIZ  |k 1.15  |p 000920  |t 3 
859 |a DERECHO  |b BIB. DERECHO  |h 346  |i PIZ  |k 1.15  |p 003027  |t 5 
859 |a DERECHO  |b BIB. DERECHO  |h 346  |i PIZ  |k 1.15  |p 003779  |t 6